Developing practical skills for nursing children and young people (Record no. 31248)

MARC details
000 -LEADER
fixed length control field 00787nam a2200205 a 4500
008 - FIXED-LENGTH DATA ELEMENTS--GENERAL INFORMATION
fixed length control field 120220s2010 ||||||||||||||||| || u
020 ## - INTERNATIONAL STANDARD BOOK NUMBER
International Standard Book Number 9780340974193
050 ## - LIBRARY OF CONGRESS CALL NUMBER
Classification number RJ 245 Dev
100 ## - MAIN ENTRY--PERSONAL NAME
Personal name Aylott, Marion
245 10 - TITLE STATEMENT
Title Developing practical skills for nursing children and young people
Statement of responsibility, etc. edited by Alan Glasper, Marion Aylott and Cath Battrick
260 ## - PUBLICATION, DISTRIBUTION, ETC.
Place of publication, distribution, etc. London:
Name of publisher, distributor, etc. Hodder Arnold
Date of publication, distribution, etc. 2010
300 ## - PHYSICAL DESCRIPTION
Extent xii, 672p.: ill.
350 ## -
-- 0.00
500 ## - GENERAL NOTE
General note Bibliography
650 ## - SUBJECT ADDED ENTRY--TOPICAL TERM
Topical term or geographic name entry element PEDIATRIC NURSING--METHODS
650 ## - SUBJECT ADDED ENTRY--TOPICAL TERM
Topical term or geographic name entry element PEDIATRIC NURSING
700 ## - ADDED ENTRY--PERSONAL NAME
Personal name Battrick, Cath
700 ## - ADDED ENTRY--PERSONAL NAME
Personal name Glasper, Alan
995 ## -
-- MEDICAL LIBRARY OPEN ACCESS
-- 901555
-- CBU-SCHOOL OF MEDICINE LIBRARY (Ndola)
-- 0.00
-- RJ 245 Dev
-- 1
-- AVAILABLE
-- Jun 27, 2012
-- 901555
-- Medical Library Open Access Collection
999 ## -
-- 31248
-- 31248
Holdings
Withdrawn status Lost status Source of classification or shelving scheme Damaged status Not for loan Permanent Location Current Location Shelving location Date acquired Total Checkouts Full call number Barcode Date last seen Price effective from Koha item type
          CBU-SCHOOL OF MEDICINE LIBRARY, NDOLA. CBU-SCHOOL OF MEDICINE LIBRARY, NDOLA.   11/30/2022   RJ 245 Dev 901555 11/30/2022 11/30/2022 MONOGRAPH